00438cam a2200169 a 4500020001500000020001800015082001200033100002300045245001600068250001200084260005500096300003500151500002000186650001400206700002100220700002700241 a0130103101 a978013084090500a540 BRO1 aBrown, Theodore L.10aChemistry : a8th ed. aUpper Saddle River, N.J. :bPrentice Hall,cc2000. axxxiii, 1023 p. :bcol. ill. ; aIncludes index. 0aChemistry1 aLeMay, H. Eugene1 aBursten, Bruce Edward.